Soil taxonomy : a basic system of soil classification for making and interpreting soil surveys. /
Guardado en:
| Autores Corporativos: | , |
|---|---|
| Formato: | Libro |
| Idioma: | English |
| Publicado: |
Washington, DC :
United States Departament of Agriculture : Natural Resources Conservation Service,
1999.
|
| Edición: | 2nd ed. |
| Series: | Agriculture Handbook ;
nº 436 |
| Etiquetas: |
Agregar Etiqueta
Sin Etiquetas, Sea el primero en etiquetar este registro!
|
| LEADER | 00853nam a22001935a 4500 | ||
|---|---|---|---|
| 001 | EEA.libagro007338 | ||
| 005 | 20180523114852.0 | ||
| 008 | 130809s1999####xxua#####b####000#0#eng#d | ||
| 082 | 0 | 4 | |a 631.44 |
| 245 | 1 | 0 | |a Soil taxonomy : |b a basic system of soil classification for making and interpreting soil surveys. / |c by Soil Survey Staff. |
| 250 | |a 2nd ed. | ||
| 260 | |a Washington, DC : |b United States Departament of Agriculture : |b Natural Resources Conservation Service, |c 1999. | ||
| 300 | |a 869 p : |b il. (some col.) ; 2 maps ; |c 29 cm. | ||
| 490 | 1 | |a Agriculture Handbook ; |v nº 436 | |
| 500 | |a Two folded colored maps in pocket. | ||
| 504 | |a Includes bibliographical references and index. | ||
| 710 | 2 | |a United States Departament of Agriculture. | |
| 710 | 2 | |a Natural Resources Conservation Service. | |
| 859 | |a AR-BbBCA |b BIB. AGRONOMIA |h 631.44 |i E79-1a2 |p 2004/4709 | ||
